000 00311nam a2200133Ia 4500
008 240624s9999 xx 000 0 und d
041 _aeng
082 _a332.1 MUK
100 _aMUKHERJEE D D
245 _aHANDS ON CREDIT
260 _c2015
_aMumbai
_bSnowwhite
300 _a444 : p. : cm. ; 24
365 _cRS
999 _c27832
_d27832